000 00882nam a2200229Ia 4500
003 GCL
008 140319s9999 xx 000 0 ara d
020 _a5275210977
040 _aGCL /
_cGCL
082 0 4 _aق
_b953.0962
_bا م
100 1 _aاحمد الدمرداشى كتخدا عزبان
245 1 0 _aمخطوطة الدرة المصانة فى أخبار الكنانة /
_cاحمد الدمرداشى كتخدا عزبان
700 1 _aكريسيليوس، دانيال
700 1 _aعبدالوهاب بكر
260 _aالقاهرة :
_bدار الزهراء للنشر والتوزيع ،
_c1992
300 _a389 ص ؛
_c24 سم
490 _aصفحات من تاريخ مصر العثمانية
_v0
650 0 4 _aمصر
650 0 4 _aمصر - تراجم
650 0 4 _aمصر - تاريخ - العصر العثمانى ( 1517-1914 م )
942 _2ddc
_cBK
999 _c51751
_d51751